00693nam a22001937a 450000500170000001000150001702000260003203500130005803700130007108200120008424500590009626000580015527000250021330000310023850000500026994200260031999900170034595201370036220100814145157.0 aENG-100530 a9788170588924c550.00 aEN-84063 bDBAD/PUB a720.954 aSri aurobindo ashram the story of the main building / aPondicherry bSri Aurobindo Ashram Publicationc2008 bPondicherry e605002 aIX, 184P.:billc21cm (Hb) aIncludes bibliographical references and index 2ddccENh720.954mSRI c41939d41939 001040718NFICaDBADbDBADd2010-08-14eDBAD/PUBg550.00l0o720.954 SRIpEN-84063r2010-08-14 00:00:00t1v550.00w2010-08-14yEN